LIBRARY & INFORMATION CENTRE, KCAET, TAVANUR

ONLINE PUBLIC ACCESS CATALOGUE (OPAC)

Knowledge management: Systems and processes (Record no. 13782)

MARC details
000 -LEADER
fixed length control field 00353nam a22001337a 4500
020 ## - INTERNATIONAL STANDARD BOOK NUMBER
ISBN 9788120341371
082 ## - DEWEY DECIMAL CLASSIFICATION NUMBER
Classification number 658.4092
Item number FER/KN
100 ## - MAIN ENTRY--AUTHOR NAME
Personal name Fernandez, Irma Becerra
245 ## - TITLE STATEMENT
Title Knowledge management: Systems and processes
260 ## - PUBLICATION, DISTRIBUTION, ETC. (IMPRINT)
Place of publication New Delhi
Name of publisher PHI Learning Private Limited
Year of publication 2010
300 ## - PHYSICAL DESCRIPTION
Number of Pages 352p
700 ## - ADDED ENTRY--PERSONAL NAME
Personal name Sabherwal, Rajiv
942 ## - ADDED ENTRY ELEMENTS (KOHA)
Koha item type Books
Holdings
Withdrawn status Lost status Damaged status Collection code Home library Current library Shelving location Date acquired Source of acquisition Cost, normal purchase price Full call number Accession Number Koha item type
      Non-fiction KAUAET KAUAET General Stacks 31/03/2012 Dreamtech, Tvpm 350.00 658.4092 FER/KN 23134 Books
free website counter